<?xml version="1.0" encoding="UTF-8"?>
<record
    xmlns:xsi="http://www.w3.org/2001/XMLSchema-instance"
    xsi:schemaLocation="http://www.loc.gov/MARC21/slim http://www.loc.gov/standards/marcxml/schema/MARC21slim.xsd"
    xmlns="http://www.loc.gov/MARC21/slim">

  <leader>01696naa a2200241 i 4500</leader>
  <controlfield tag="001">221</controlfield>
  <controlfield tag="003">KOSZ 005</controlfield>
  <controlfield tag="005">20180426114322.0</controlfield>
  <controlfield tag="008">151214s2001    pl     f     |100 0 pol</controlfield>
  <datafield tag="040" ind1=" " ind2=" ">
    <subfield code="c">BPK</subfield>
    <subfield code="d">KOSZ 005/HR</subfield>
  </datafield>
  <datafield tag="080" ind1=" " ind2=" ">
    <subfield code="a">002.5</subfield>
  </datafield>
  <datafield tag="100" ind1="1" ind2=" ">
    <subfield code="a">KOPCZEWSKI, Marian.</subfield>
    <subfield code="d">1997 - .</subfield>
    <subfield code="b">Politechnika Koszali&#x144;ska - Wydzia&#x142; Elektroniki,</subfield>
    <subfield code="c">Katedra Telekomunikacji</subfield>
  </datafield>
  <datafield tag="245" ind1=" " ind2=" ">
    <subfield code="a">Modelowanie system&#xF3;w informacyjnych bada&#x144; naukowych /</subfield>
    <subfield code="c">Marian Kopczewski, Gra&#x17C;yna Mory&#x144;.</subfield>
  </datafield>
  <datafield tag="260" ind1=" " ind2=" ">
    <subfield code="c">2001.</subfield>
  </datafield>
  <datafield tag="500" ind1=" " ind2=" ">
    <subfield code="a">Dane z Informatora o publikowanych wynikach prac naukowo-badawczych w 2001 roku Wydzia&#x142;u Elektroniki.</subfield>
  </datafield>
  <datafield tag="520" ind1=" " ind2=" ">
    <subfield code="a">Obecnie ka&#x17C;da informacja w powi&#x105;zaniu z technik&#x105; komputerow&#x105; tworzy odpowiedni system informacyjny (SI), niezb&#x119;dny w ka&#x17C;dej dziedzinie dzia&#x142;ania, a szczeg&#xF3;lnie w badaniach naukowych. Ka&#x17C;dy system informacyjny aby m&#xF3;g&#x142; spe&#x142;ni&#x107; swoje zadania i oczekiwania, musi bazowa&#x107; na dok&#x142;adnych, rzetelnych, prawdziwych i kompletnych informacjach, kt&#xF3;re powinny by&#x107; aktualne i dost&#x119;pne. Jednak niezb&#x119;dnym elementem spe&#x142;nienia tych warunk&#xF3;w jest system prawid&#x142;owo zaprojektowany, wtedy stanowi&#x107; on b&#x119;dzie doskona&#x142;e narz&#x119;dzie w procesie bada&#x144;.</subfield>
  </datafield>
  <datafield tag="650" ind1=" " ind2="0">
    <subfield code="a">Systemy informacyjne.</subfield>
  </datafield>
  <datafield tag="655" ind1=" " ind2="0">
    <subfield code="a">Materia&#x142;y konferencyjne.</subfield>
  </datafield>
  <datafield tag="700" ind1="1" ind2=" ">
    <subfield code="a">MORY&#x143;-BIA&#x141;KO, Gra&#x17C;yna.</subfield>
    <subfield code="d">2001 - .</subfield>
    <subfield code="b">Politechnika Koszali&#x144;ska - Wydzia&#x142; Elektroniki,</subfield>
    <subfield code="c">Katedra Telekomunikacji</subfield>
  </datafield>
  <datafield tag="711" ind1="2" ind2=" ">
    <subfield code="a">KOWBAN 2001</subfield>
    <subfield code="n">(8 ;</subfield>
    <subfield code="d">2001 ;</subfield>
    <subfield code="c">Polska).</subfield>
  </datafield>
  <datafield tag="773" ind1=" " ind2=" ">
    <subfield code="i">W : </subfield>
    <subfield code="t">Komputerowe wspomaganie bada&#x144; naukowych : VIII Krajowa konferencja. VIII KK KOWBAN '2001 : materia&#x142;y, Wroc&#x142;aw-&#x15A;wierad&#xF3;w Zdr&#xF3;j 2001. -</subfield>
    <subfield code="d">Wroc&#x142;aw : Oficyna Wydaw. Sudety 2001. -</subfield>
    <subfield code="g">s. 133-138</subfield>
  </datafield>
  <datafield tag="942" ind1=" " ind2=" ">
    <subfield code="c">ROZ</subfield>
    <subfield code="2">UKD</subfield>
  </datafield>
  <datafield tag="999" ind1=" " ind2=" ">
    <subfield code="c">221</subfield>
    <subfield code="d">221</subfield>
  </datafield>
</record>
